1631 1216 1315 1179 1732 1827 1710 1035 1426 1835 1172 1127 1422 1677 1664 1947 1641 1304 1698 1172 1725 1784 1871 1667 1804 1047 1472 1435 1630 1872 1981 1590 1980 1576 1377 1106 1747 1537 1709 1914 1705 1490 1136 1071 1037 1061 1760 1638 1544 1418 1962 1023 1414 1325 1763 1637 1200 1645 1051 1103 1659 1105 1816 1159 1958 1281 1101 1628 1865 1639 1192 1094 1401 1730 1455 1541 1998 1533 1389 1173 1269 1266 1759 1885 1848 1250 1799 1432 1083 1653 1995 1653 1840 1806 1879 1576 1433 1517 1737 BCNSPRNW ULIB Ver.6.0+V

เปลี่ยนเป็นภาษาไทย

Change to English
 แสดงรายละเอียดบรรณานุกรม
  กลับหน้าหลัก

Brief Record : Get Marc (ISO 2709) : E-mail record : QR code < ปิดหน้าต่าง
LEADER : 00000nam 2200000uu 4500
001    13399126696
003     ULIB
008    190212s2560||||th 000 0 tha d
020 ^- ^a9786164430587
060 ^- ^aWI141^bก625
245 00 ^aการวินิจฉัยภาพ MRI ของตับและทางเดินน้ำดี =Hepatobiliary MRI /^cพรพิมพ์ กอแพร่พงศ์ บรรณาธิการ.
246 11 ^aHepatobiliary MRI
250 ^- ^aพิมพ์ครั้งที่ 1, (ฉบับปรุงครั้งที่ 2).
260 ^- ^aกรุงเทพฯ :^bภาควิชารังสีวิทยา คณะเเพทยศาสตร์ศิริราชพยาบาล มหาวิทยาลัยมหิดล,^c2560
300 ^- ^axli, 636 หน้า :ภาพสีประกอบ.
650 ^4 ^aตับ^xการบันทึกภาพเพื่อวินิจฉัยโรค.
650  0 ^aทางเดินน้ำดี^xการบันทึกภาพเพื่อวินิจฉัยโรค
650  0 ^aการบันทึกภาพด้วยแมกเนติกเรโซแนนซ์.
700 0^ ^aพรพิมพ์ กอแพร่พงศ์.
710 2^ ^aมหาวิทยาลัยมหิดล.คณะเเพทยศาสตร์ศิริราชพยาบาล.ภาควิชารังสีวิทยา.
945    ^p2350^l0^i005276
999    ^aประนอม เกษจรัล
รายการนี้ยังไม่มีแท็ก
คุณยังไม่ได้ล็อกอิน คุณสามารถมีกิจกรรมร่วมกับเว็บไซต์ได้ แต่ต้องล็อกอินก่อน ::
  ล็อกอิน

รายการสื่อสารสนเทศ

ลำดับที่ ประเภท เลขเรียก/บาร์โค้ด สถานที่ สถานะ
1. วิทยาศาสตร์การแพทย์ และสุขภาพ
วิทยาศาสตร์การแพทย์ และสุขภาพ
WI141 ก625 ฉ.1 
  Barcode: 005276
ห้องสมุดวิทยาเขตสวรรค์ประชารักษ์
►หนังสือทั่วไป
บนชั้น

BibComment


ยังไม่เคยถูกคอมเมนท์

คอมเมนท์ทรัพยากรรายการนี้
  คอมเมนท์: การวินิจฉัยภาพ M..


 Copyright 2026. Bcnsprnw @Library